Las Trampas de la identidad. La Construcción de identidades estigmatizadas /

Na minha lista:
Detalhes bibliográficos
Autor principal: Sieglin, Veronika
Formato: Texto
Assuntos:
Tags: Adicionar Tag
Sem tags, seja o primeiro a adicionar uma tag!

MARC

LEADER 00000 a a2200000 04500
001 18753
003
040
100 |a Sieglin, Veronika  
245 |a Las Trampas de la identidad. La Construcción de identidades estigmatizadas /  |c Veronika Sieglin 
650 |a IDENTIDAD CULTURAL  
650 |a PODER POLITICA  
650 |a DISCURSOS  
650 |a ANALISIS DE CONTENIDO  
650 |a CONOCIMIENTOS AUTOCTONOS  
773 |g volumen 5, número 12; páginas 45-60  
999 |c 27898  |d 27898